[Event "27th Summer Universiade 2013 Kazan,Russ"]
[Site "Kazan,Russia"]
[Date "2013.07.12"]
[Round "5.27"]
[White "Dolzhykova, Kateryna"]
[Black "Rothebarth, Ana Vitoria De Pau"]
[Result "0-1"]
[WhiteElo "2296"]
[BlackElo "2034"]
[PlyCount "130"]
[EventDate "2013.07.09"]

1. e4 e5 2. Nf3 Nc6 3. Nc3 d6 4. d4 exd4 5. Nxd4 Nxd4 6. Qxd4 Nf6 7. Bg5 Be7 8.
O-O-O O-O 9. f4 Be6 10. Nd5 Nxd5 11. exd5 Bg4 12. Rd2 Bxg5 13. fxg5 Qxg5 14. h4
Qh5 15. Bd3 Rfe8 16. c4 Re5 17. Kc2 Bf5 18. Rhd1 Bxd3+ 19. Rxd3 Qe2+ 20. R1d2
Qe4 21. Kc3 Qxd4+ 22. Rxd4 Rae8 23. b4 Re3+ 24. R4d3 f5 25. g3 Kf7 26. c5 Kf6
27. a4 g6 28. a5 R8e4 29. c6 b5 30. axb6 axb6 31. Ra2 Rxd3+ 32. Kxd3 Rxb4 33.
Ra7 Ke5 34. Rxc7 Kxd5 35. Rc8 Rc4 36. Rh8 Rxc6 37. Rxh7 Rc4 38. Ke3 Rg4 39. Kf3
b5 40. h5 gxh5 41. Rxh5 Ke5 42. Rh8 b4 43. Re8+ Kd5 44. Rf8 Rg5 45. Kf4 Rg4+
46. Kf3 Ke6 47. Re8+ Kf7 48. Rb8 Rc4 49. Ke3 d5 50. Rb6 Ke7 51. Kf3 Kd7 52. Rf6
b3 53. Rb6 Rc3+ 54. Kf4 Kc7 55. Rb5 Kc6 56. Rb8 Kc5 57. Kxf5 Rxg3 58. Ke5 Re3+
59. Kf4 d4 60. Rc8+ Kb4 61. Rd8 Kc3 62. Rc8+ Kd3 63. Rb8 Kc2 64. Rd8 b2 65.
Rxd4 Rc3 0-1

[Event "27th Summer Universiade 2013 Kazan,Russ"]
[Site "Kazan,Russia"]
[Date "2013.07.12"]
[Round "5.28"]
[White "Yalkanova, Merjen"]
[Black "Arbona Avila, Zaily M"]
[Result "1-0"]
[WhiteElo "1966"]
[BlackElo "1540"]
[PlyCount "64"]
[EventDate "2013.07.09"]

1. d4 Nf6 2. e3 g6 3. Nf3 Bg7 4. b3 O-O 5. Bb2 d6 6. Be2 c6 7. O-O Nbd7 8. Nbd2
Qc7 9. Nc4 b5 10. Ncd2 e5 11. dxe5 dxe5 12. c4 b4 13. c5 e4 14. Nd4 Ne5 15. Qc2
Neg4 16. g3 Re8 17. Nc4 h5 18. f3 Nh6 19. Nd6 Re7 20. fxe4 Nhg4 21. Qd2 Nxe4
22. Nxe4 Rxe4 23. Bf3 Rxe3 24. Bxg4 Bh6 25. Qf2 Bxg4 26. Rae1 Rae8 27. Nc2 Rxe1
28. Rxe1 Rxe1+ 29. Qxe1 Qd7 30. Nd4 Bg7 31. Qxb4 Qd8 32. Qc3 Qd5 1-0

[Event "27th Summer Universiade 2013 Kazan,Russ"]
[Site "Kazan,Russia"]
[Date "2013.07.12"]
[Round "5.34"]
[White "Francis, Onkemetse"]
[Black "Otorbaeva, Nuriza"]
[Result "1/2-1/2"]
[WhiteElo "1698"]
[BlackElo "1737"]
[PlyCount "73"]
[EventDate "2013.07.09"]

1. e4 c6 2. d4 d5 3. Nc3 dxe4 4. Nxe4 Nf6 5. Nxf6+ exf6 6. Be2 Bd6 7. Nf3 O-O
8. O-O Qc7 9. h3 Be6 10. c3 Re8 11. Re1 Nd7 12. Qc2 Nf8 13. Bd2 Ng6 14. c4 Bf4
15. Rac1 Qd7 16. Bf1 Bf5 17. Qc3 Be4 18. Bxf4 Nxf4 19. Nd2 Bf5 20. Nb3 Ne6 21.
Qf3 Ng5 22. Qf4 b6 23. h4 Ne4 24. Bd3 Nd6 25. Bxf5 Nxf5 26. Red1 Re2 27. d5 c5
28. Rd2 Rae8 29. Rxe2 Rxe2 30. g3 h6 31. Rb1 Nd6 32. Qf3 Qe7 33. Kf1 Re5 34.
Nd2 Nf5 35. Qd3 Nd4 36. Nf3 Nxf3 37. Qxf3 1/2-1/2

[Event "27th Summer Universiade in Kazan (Women)"]
[Site "Kazan"]
[Date "2013.07.12"]
[Round "6.2"]
[White "Bodnaruk, Anastasia"]
[Black "Munguntuul, Batkhuyag"]
[Result "1-0"]
[WhiteElo "2440"]
[BlackElo "2452"]
[PlyCount "89"]
[EventDate "2013.??.??"]

1. e4 c5 2. Nf3 e6 3. Nc3 a6 4. g3 Nc6 5. Bg2 Nf6 6. O-O d6 7. d4 cxd4 8. Nxd4
Bd7 9. Be3 Be7 10. h3 O-O 11. f4 Nxd4 12. Bxd4 Bc6 13. g4 Nd7 14. Be3 b5 15. a3
Rc8 16. Qe2 Nb6 17. Rad1 Nc4 18. Bc1 Bb7 19. Na2 Qc7 20. Nb4 Nb6 21. c3 Rfd8
22. f5 Re8 23. Qf2 Nc4 24. Kh1 Qd8 25. g5 Bxg5 26. fxe6 Bf6 27. exf7+ Kxf7 28.
e5 Bxg2+ 29. Qxg2 Nxe5 30. Nd5 Ng6 31. Bg5 Re6 32. h4 h6 33. Bxf6 gxf6 34. h5
Ne7 35. Rg1 Qg8 36. Qf3 Qh7 37. Nxe7 Rxe7 38. Rg6 Ke8 39. Rxd6 Re1+ 40. Kg2 Qe7
41. Rdxf6 Re2+ 42. Kf1 Re1+ 43. Kf2 Rc5 44. Rg8+ Kd7 45. Qb7+ {Kd6} 1-0

[Event "27th Summer Universiade in Kazan (Women)"]
[Site "Kazan"]
[Date "2013.07.12"]
[Round "6.4"]
[White "Bulmaga, Irina"]
[Black "Savina, Anastasia"]
[Result "1/2-1/2"]
[WhiteElo "2403"]
[BlackElo "2368"]
[PlyCount "143"]
[EventDate "2013.??.??"]

1. e4 c5 2. Nf3 e6 3. d4 cxd4 4. Nxd4 Nf6 5. Nc3 Nc6 6. Ndb5 Bb4 7. a3 Bxc3+ 8.
Nxc3 d5 9. Bd3 dxe4 10. Nxe4 Nxe4 11. Bxe4 Qxd1+ 12. Kxd1 e5 13. Bd2 Be6 14.
Re1 f6 15. Kc1 O-O-O 16. Bxc6 bxc6 17. a4 Bd5 18. Ra3 g5 19. g3 g4 20. Be3 Rd7
21. a5 Bf3 22. a6 h5 23. Rd3 Rhd8 24. Rxd7 Rxd7 25. b3 Rd5 26. b4 Kb8 27. Bc5
Rd7 28. Kb2 Rd1 29. Rxd1 Bxd1 30. c4 Be2 31. Kc3 Bf1 32. Be7 Kc7 33. Bc5 Kb8
34. Bd6+ Kc8 35. Kb3 Be2 36. Kc3 Bf1 37. Be7 Kc7 38. Bxf6 Kb6 39. Bxe5 Kxa6 40.
Kd4 Kb6 41. Bd6 a5 42. c5+ Kb5 43. bxa5 Kxa5 44. Ke5 Kb5 45. Kf5 Kc4 46. Kg5
Kd5 47. Kxh5 Bh3 48. Kg5 Ke4 49. Bf4 Kf3 50. Be3 Bf1 51. Kf5 Bd3+ 52. Ke5 Bc4
53. Kf5 Bd3+ 54. Kg5 Bf1 55. Bd4 Bh3 56. Kh4 Bf1 57. Kh5 Bh3 58. Be3 Bf1 59.
Bf4 Bh3 60. Be3 Bf1 61. Kg6 Bd3+ 62. Kf6 Bf1 63. Ke5 Bc4 64. Bd4 Bd3 65. Kf6
Bc4 66. Be5 Bf1 67. Kf5 Bh3 68. Ke6 Kxf2 69. Bd4+ Kg2 70. Kd6 Kxh2 71. Kxc6
Bg2+ 72. Kd6 1/2-1/2

[Event "27th Summer Universiade in Kazan (Women)"]
[Site "Kazan"]
[Date "2013.07.12"]
[Round "6.5"]
[White "Kashlinskaya, Alina"]
[Black "Girya, Olga"]
[Result "1/2-1/2"]
[WhiteElo "2334"]
[BlackElo "2437"]
[PlyCount "98"]
[EventDate "2013.??.??"]

1. d4 d5 2. c4 c6 3. Nc3 Nf6 4. e3 a6 5. Nf3 Bf5 6. Qb3 Ra7 7. cxd5 cxd5 8. Ne5
Nc6 9. Bd2 e6 10. Qa4 Qb6 11. Rc1 Nd7 12. e4 Ndxe5 13. dxe5 Bxe4 14. Nxe4 dxe4
15. Be2 Ra8 16. O-O Be7 17. Qxe4 O-O 18. Rc3 Qd4 19. Bd3 Qxe4 20. Bxe4 Bb4 21.
Rxc6 Bxd2 22. Rb6 Bf4 23. Bxb7 Rab8 24. Re1 Rfd8 25. g3 Rd7 26. gxf4 Rdxb7 27.
Rxb7 Rxb7 28. b3 Rc7 29. Rd1 h5 30. Rd6 a5 31. Ra6 Rc5 32. Kg2 g5 33. Kg3 Kg7
34. fxg5 Rxe5 35. h4 Kg6 36. Kf4 Rf5+ 37. Ke3 Re5+ 38. Kd3 Rf5 39. Ra8 Kg7 40.
Ra6 Kg6 41. Ra8 Kg7 42. a4 Kg6 43. Rg8+ Kh7 44. Ra8 Kg6 45. Rb8 Rxf2 46. Rb5
Rf3+ 47. Kc2 Rf2+ 48. Kd3 Rf3+ 49. Kc2 Rf2+ 1/2-1/2

[Event "27th Summer Universiade in Kazan (Women)"]
[Site "Kazan"]
[Date "2013.07.12"]
[Round "6.7"]
[White "Batchimeg, Tuvshintugs"]
[Black "Shen, Yang"]
[Result "1/2-1/2"]
[WhiteElo "2351"]
[BlackElo "2405"]
[Annotator "ñåðãåé"]
[PlyCount "136"]
[EventDate "2013.??.??"]
[TimeControl "6000+765"]

1. d4 Nf6 2. c4 e6 3. Nf3 d5 4. Nc3 c6 5. Bg5 dxc4 6. e4 b5 7. e5 h6 8. Bh4 g5
9. exf6 gxh4 10. a4 b4 11. Ne4 Qd5 12. Ned2 h3 13. Bxc4 hxg2 14. Rg1 Qf5 15.
Ne5 Nd7 16. Nxd7 Bxd7 17. Qf3 Rg8 18. Qxf5 exf5 19. Nf3 Bd6 20. O-O-O Bf4+ 21.
Kc2 Kf8 22. Rde1 Re8 23. Rxe8+ Bxe8 24. a5 Bc7 25. a6 Bd6 26. b3 Bc7 27. Kd3
Bd8 28. Ne1 Bxf6 29. Rxg2 Rg4 30. Rxg4 fxg4 31. Ke4 Bh4 32. Nd3 h5 33. f3 g3
34. hxg3 Bxg3 35. f4 h4 36. Kf3 Ke7 37. Nxb4 Kd6 38. Nc2 f6 39. Ne3 Bh5+ 40.
Kg2 Bg6 41. Kf3 Kc7 42. Kg4 Be4 43. Nf5 Bf2 44. Nxh4 Bxd4 45. Nf5 Bf2 46. Ng7
Kb6 47. Ne8 Bd4 48. Nd6 Bc2 49. Nc8+ Kc7 50. Ne7 Kd6 51. Nf5+ Kc5 52. Ne7 Be4
53. Nc8 Kb4 54. Ne7 Bc5 55. Ng8 Bd4 56. Ne7 Kc3 57. f5 Be3 58. Ng8 Bg5 59. Ne7
Kd4 60. Nc8 Ke5 61. Nxa7 Bxf5+ 62. Kf3 Kd6 63. b4 Bd7 64. b5 cxb5 65. Bxb5 Be6
66. Bd3 Bd5+ 67. Be4 Bxe4+ 68. Kxe4 Kc7 1/2-1/2

[Event "27th Summer Universiade in Kazan (Women)"]
[Site "Kazan"]
[Date "2013.07.12"]
[Round "6.8"]
[White "Arabidze, Meri"]
[Black "Vo, Thi Kim Phung"]
[Result "1-0"]
[WhiteElo "2320"]
[BlackElo "2199"]
[Annotator "ñåðãåé"]
[PlyCount "81"]
[EventDate "2013.??.??"]
[TimeControl "6000+1225"]

1. d4 d5 2. c4 c6 3. Nf3 Nf6 4. Nc3 a6 5. c5 Nbd7 6. Bf4 g6 7. h3 Bg7 8. e3 O-O
9. Be2 b5 10. O-O a5 11. Qc2 b4 12. Na4 Ne4 13. a3 bxa3 14. Rxa3 f6 15. Rfa1 e5
16. Bh2 Ng5 17. Nxg5 fxg5 18. dxe5 Nxe5 19. Nb6 Ra7 20. Nxc8 Qxc8 21. Rxa5 Raf7
22. Bg3 Re7 23. Ra7 Rfe8 24. Rxe7 Rxe7 25. Ra4 Nf7 26. b4 Be5 27. Bxe5 Nxe5 28.
Qa2 Qf5 29. Ra8+ Kg7 30. Ra7 Rxa7 31. Qxa7+ Kh6 32. Qe7 Nc4 33. Bg4 Qe5 34.
Qf8+ Qg7 35. Qxg7+ Kxg7 36. Bd7 Ne5 37. b5 Kf7 38. Bxc6 Ke6 39. Bb7 Nc4 40. b6
Na5 41. c6 1-0

[Event "27th Summer Universiade 2013 Kazan,Russ"]
[Site "Kazan,Russia"]
[Date "2013.07.12"]
[Round "6.9"]
[White "Kazimova, Narmin"]
[Black "Stojanovic, Andjelija"]
[Result "1/2-1/2"]
[WhiteElo "2208"]
[BlackElo "2302"]
[PlyCount "81"]
[EventDate "2013.07.09"]

1. Nf3 d6 2. d4 g6 3. c4 Bg7 4. Nc3 Nd7 5. g3 e5 6. Bg2 Ne7 7. O-O O-O 8. e4
exd4 9. Nxd4 Nc6 10. Nde2 a5 11. Be3 Nde5 12. b3 a4 13. Rb1 axb3 14. axb3 Nb4
15. h3 Re8 16. Kh2 h5 17. Qd2 Bd7 18. Nd5 Nxd5 19. cxd5 Bb5 20. f4 Nd7 21. Rfe1
c5 22. b4 Bxe2 23. Rxe2 b6 24. Qd3 Qc8 25. Rc2 Qa6 26. Qxa6 Rxa6 27. bxc5 Nxc5
28. e5 dxe5 29. d6 Rd8 30. Rd1 e4 31. Bxc5 bxc5 32. Rxc5 Raxd6 33. Rxd6 Rxd6
34. Bxe4 Rd2+ 35. Bg2 Bd4 36. Rd5 Kg7 37. h4 Kf6 38. Kh3 Ke6 39. Rd8 Ke7 40.
Rd5 Ke6 41. Rd8 1/2-1/2

[Event "27th Summer Universiade 2013 Kazan,Russ"]
[Site "Kazan,Russia"]
[Date "2013.07.12"]
[Round "6.10"]
[White "Przezdziecka, Marta"]
[Black "Chirivi C, Jenny Astrid"]
[Result "0-1"]
[WhiteElo "2297"]
[BlackElo "2205"]
[PlyCount "94"]
[EventDate "2013.07.09"]

1. Nf3 d5 2. g3 Nf6 3. Bg2 c6 4. O-O Bf5 5. d3 Nbd7 6. Nbd2 e5 7. Re1 Bc5 8.
Nb3 Bb6 9. h3 O-O 10. d4 Re8 11. Be3 h6 12. a4 a5 13. Qc1 Ne4 14. c3 Bh7 15. g4
exd4 16. cxd4 Bc7 17. Bf4 Bxf4 18. Qxf4 g5 19. Qc1 Qf6 20. Nbd2 Ra6 21. Nf1 Rb6
22. Ra3 Rb4 23. e3 Nb6 24. b3 Nd7 25. N1d2 Bg6 26. Rf1 h5 27. gxh5 Bxh5 28.
Nxe4 dxe4 29. Nd2 Bg6 30. f3 exf3 31. Rxf3 Qe6 32. Qf1 c5 33. Nc4 cxd4 34. exd4
Qe4 35. Qf2 Qe1+ 36. Qxe1 Rxe1+ 37. Kf2 Rd1 38. Rg3 Rxd4 39. Rxg5 b6 40. Bc6
Nc5 41. Nxb6 Nd3+ 42. Ke3 Rd6 43. Nc8 Re6+ 44. Kd2 Ne5 45. Bg2 Rd4+ 46. Ke3 Rd8
47. Kf2 Rxc8 0-1

[Event "27th Summer Universiade 2013 Kazan,Russ"]
[Site "Kazan,Russia"]
[Date "2013.07.12"]
[Round "6.11"]
[White "Kalinina, Olga"]
[Black "Djukic, Sandra"]
[Result "1-0"]
[WhiteElo "2292"]
[BlackElo "2197"]
[PlyCount "85"]
[EventDate "2013.07.09"]

1. e4 c5 2. Nf3 Nc6 3. d4 cxd4 4. Nxd4 Qc7 5. Nc3 e6 6. Be2 a6 7. a3 Nf6 8. Be3
Bd6 9. Qd2 Nxd4 10. Bxd4 Bf4 11. Qd3 e5 12. Be3 Bxe3 13. fxe3 b5 14. g4 h6 15.
O-O-O Bb7 16. h4 Ng8 17. Rhf1 Ne7 18. Qd2 Bc6 19. Qe1 Rc8 20. Qf2 Rf8 21. Rd2
Qb6 22. Qg3 Qc5 23. g5 h5 24. Bxh5 g6 25. Bg4 a5 26. Nd5 Bxd5 27. exd5 Qc4 28.
Rdf2 Rc5 29. Qxe5 b4 30. Qg7 Nf5 31. Bxf5 gxf5 32. Qe5+ Kd8 33. Qb8+ Rc8 34.
Qb6+ Ke8 35. Qxa5 b3 36. d6 Qe4 37. Qxf5 Qxe3+ 38. Kb1 Rc5 39. Qf3 Qxf3 40.
Rxf3 bxc2+ 41. Kc1 Rd5 42. Rf6 Rh8 43. R1f4 1-0

[Event "27th Summer Universiade 2013 Kazan,Russ"]
[Site "Kazan,Russia"]
[Date "2013.07.12"]
[Round "6.12"]
[White "Khalafova, Narmin"]
[Black "Kulovana, Eva"]
[Result "0-1"]
[WhiteElo "2107"]
[BlackElo "2272"]
[PlyCount "128"]
[EventDate "2013.07.09"]

1. e4 c6 2. d4 d5 3. Nc3 dxe4 4. Nxe4 Bf5 5. Ng3 Bg6 6. N1e2 e6 7. Nf4 Bd6 8.
Ngh5 Bxh5 9. Nxh5 g6 10. Nf4 Qc7 11. Qf3 Nd7 12. Bc4 O-O-O 13. O-O Ngf6 14. h4
h6 15. Bxe6 fxe6 16. Nxe6 Qa5 17. Nxd8 Kxd8 18. Bf4 Bxf4 19. Qxf4 g5 20. Qg3
Rg8 21. Rfe1 Qd5 22. hxg5 Rxg5 23. Qh3 Nh5 24. g3 Nf4 25. Qh1 Qxd4 26. Qf3 Ne5
27. Qe3 Qxe3 28. Rxe3 Nd5 29. Re4 Nd7 30. Rd1 h5 31. c4 N5f6 32. Rf4 Kc7 33.
Kg2 b5 34. b3 Rc5 35. Rdd4 a5 36. cxb5 cxb5 37. Rd2 Kc6 38. f3 Nd5 39. Re4 Rc3
40. Re6+ Kc5 41. Re8 N7f6 42. Rc8+ Kb4 43. Rd8 Rc5 44. Kf2 Ka3 45. Ra8 b4 46.
Ra6 Ne8 47. Re6 Nec7 48. Re5 Rb5 49. Rxh5 Nc3 50. Rh1 N7d5 51. Rh5 Nc7 52. Rxb5
N7xb5 53. g4 Nxa2 54. g5 Nc7 55. f4 Kxb3 56. f5 Nc3 57. f6 Ne4+ 58. Ke3 Nxg5
59. Rd7 Nce6 60. Kd2 a4 61. Kc1 Ka2 62. Rd2+ Ka1 63. Kc2 b3+ 64. Kc3 Ne4+ 0-1

[Event "27th Summer Universiade 2013 Kazan,Russ"]
[Site "Kazan,Russia"]
[Date "2013.07.12"]
[Round "6.13"]
[White "Hallaeva, Bahar"]
[Black "Dudas, Eszter"]
[Result "1-0"]
[WhiteElo "2150"]
[BlackElo "2266"]
[PlyCount "99"]
[EventDate "2013.07.09"]

1. e4 e6 2. d4 d5 3. exd5 exd5 4. Bd3 Nc6 5. c3 Bd6 6. Qf3 Nge7 7. Ne2 Be6 8.
Bf4 Ng6 9. Bxd6 Qxd6 10. O-O O-O-O 11. b4 Nce7 12. Qh5 Nf4 13. Nxf4 Qxf4 14.
Re1 g5 15. g3 Qf6 16. Nd2 Qg7 17. Nf3 h6 18. a4 Rd6 19. Ne5 Rg8 20. Qe2 f6 21.
Nf3 Ng6 22. Qc2 Ne7 23. b5 h5 24. a5 Kb8 25. Qa2 Nc8 26. Reb1 b6 27. axb6 cxb6
28. Ne1 h4 29. Nc2 hxg3 30. fxg3 f5 31. Nb4 f4 32. Re1 Qf7 33. Re5 fxg3 34.
hxg3 Rh8 35. Qg2 Bh3 36. Qh1 Rdh6 37. Qxd5 Qxd5 38. Rxd5 a5 39. Na6+ Ka7 40.
Rxg5 Nd6 41. Rg7+ Ka8 42. Re1 Bc8 43. Ree7 Rh1+ 44. Kg2 R8h2+ 45. Kf3 Bxa6 46.
bxa6 Rh8 47. Rd7 Rf8+ 48. Kg2 Rh6 49. Rxd6 Rxd6 50. Be4+ 1-0

[Event "27th Summer Universiade 2013 Kazan,Russ"]
[Site "Kazan,Russia"]
[Date "2013.07.12"]
[Round "6.14"]
[White "Ton, Nu Hong An"]
[Black "Davletbayeva, Madina"]
[Result "0-1"]
[WhiteElo "1995"]
[BlackElo "2260"]
[PlyCount "88"]
[EventDate "2013.07.09"]

1. d4 Nf6 2. c4 e6 3. Nc3 Bb4 4. Qc2 O-O 5. e3 d5 6. Bd3 c5 7. a3 Bxc3+ 8. bxc3
dxc4 9. Bxc4 Nbd7 10. Nf3 Qc7 11. e4 cxd4 12. cxd4 Nxe4 13. Qxe4 Qxc4 14. Bd2
Nc5 15. Qe2 Qxe2+ 16. Kxe2 Nb3 17. Rab1 Nxd2 18. Kxd2 b6 19. Ne5 Bb7 20. f3
Rfd8 21. Ke3 f6 22. Nd3 Rac8 23. Rhc1 Ba6 24. Nb4 Bb7 25. a4 Kf7 26. Rxc8 Rxc8
27. Nd3 Ba6 28. Nb4 Bc4 29. Nc2 Rc7 30. Kd2 Ke7 31. Ne3 Kd6 32. a5 bxa5 33. Ra1
Bb5 34. Rxa5 a6 35. Ra1 Kc6 36. Kc3 Kb6+ 37. Kb4 Rd7 38. Nc2 Bd3 39. Ne1 Bg6
40. Kc4 a5 41. g4 Rc7+ 42. Kb3 Kb5 43. h4 h6 44. Ng2 a4+ 0-1

[Event "27th Summer Universiade 2013 Kazan,Russ"]
[Site "Kazan,Russia"]
[Date "2013.07.12"]
[Round "6.15"]
[White "Kulon, Klaudia"]
[Black "Dewi, Aa Citra"]
[Result "1-0"]
[WhiteElo "2258"]
[BlackElo "2138"]
[PlyCount "85"]
[EventDate "2013.07.09"]

1. c4 c5 2. g3 Nf6 3. Bg2 e6 4. Nc3 d5 5. cxd5 Nxd5 6. Nxd5 exd5 7. Qb3 Nc6 8.
Qd3 Bd6 9. Qb3 Nd4 10. Qc3 Bf5 11. d3 O-O 12. e4 Re8 13. Be3 Qa5 14. Qd2 Nc2+
15. Ke2 Bg4+ 16. f3 Qxd2+ 17. Kxd2 Nxa1 18. fxg4 Be5 19. Nf3 Bxb2 20. Rb1 Ba3
21. Rxa1 c4 22. dxc4 Rxe4 23. Nd4 Re7 24. Rb1 Rae8 25. Nf5 Rd7 26. Bxd5 b6 27.
Bd4 g6 28. Nh6+ Kf8 29. Rf1 Bb4+ 30. Kd3 Re1 31. Rxe1 Bxe1 32. a3 Ba5 33. g5
Re7 34. Be4 Bd2 35. Bf6 Rd7+ 36. Bd5 Bc1 37. a4 Ba3 38. Ng4 Be7 39. Ke4 Bxf6
40. gxf6 h5 41. Nh6 Rc7 42. Nxf7 Rc5 43. Ne5 1-0

[Event "27th Summer Universiade 2013 Kazan,Russ"]
[Site "Kazan,Russia"]
[Date "2013.07.12"]
[Round "6.16"]
[White "Umudova, Nargiz"]
[Black "De Seroux, Camille"]
[Result "1/2-1/2"]
[WhiteElo "2253"]
[BlackElo "2118"]
[PlyCount "59"]
[EventDate "2013.07.09"]

1. Nf3 Nf6 2. g3 g6 3. Bg2 Bg7 4. O-O O-O 5. d3 d6 6. e4 c5 7. h3 Nc6 8. Nc3
Rb8 9. a4 a6 10. Be3 b5 11. axb5 axb5 12. Qd2 Nd7 13. Bh6 b4 14. Bxg7 Kxg7 15.
Nd5 Bb7 16. Ne3 Ra8 17. Ng4 f6 18. Ne3 Nde5 19. Nh2 Nd4 20. Rxa8 Qxa8 21. c3
bxc3 22. bxc3 Qa5 23. Qb2 Qb5 24. Rb1 Ne2+ 25. Kf1 Qxd3 26. Rd1 Nxg3+ 27. Kg1
Ne2+ 28. Kf1 Ng3+ 29. Kg1 Ne2+ 30. Kf1 1/2-1/2

[Event "27th Summer Universiade 2013 Kazan,Russ"]
[Site "Kazan,Russia"]
[Date "2013.07.12"]
[Round "6.17"]
[White "Martinez, Ayelen"]
[Black "Mader, Manuela"]
[Result "1/2-1/2"]
[WhiteElo "2103"]
[BlackElo "2212"]
[PlyCount "112"]
[EventDate "2013.07.09"]

1. e4 c6 2. d4 d5 3. Nd2 dxe4 4. Nxe4 Bf5 5. Ng3 Bg6 6. h4 h6 7. Nf3 Nd7 8. h5
Bh7 9. Bd3 Bxd3 10. Qxd3 e6 11. Bd2 Ngf6 12. O-O-O Be7 13. Kb1 O-O 14. Ne4 Nxe4
15. Qxe4 Nf6 16. Qe2 Qd5 17. Ne5 Qe4 18. Qxe4 Nxe4 19. Be3 Rfd8 20. g4 c5 21.
dxc5 Bxc5 22. Bxc5 Nxc5 23. f4 f6 24. Nf3 Ne4 25. Kc1 Nf2 26. Rxd8+ Rxd8 27.
Re1 Rd5 28. b3 Kf7 29. g5 hxg5 30. fxg5 Nh3 31. c4 Rf5 32. g6+ Ke7 33. h6 gxh6
34. Rxe6+ Kxe6 35. Nd4+ Ke7 36. Nxf5+ Kf8 37. Kd2 Nf4 38. Nxh6 Kg7 39. Nf5+
Kxg6 40. Nd6 Ne6 41. Nxb7 Kf5 42. Ke3 Ke5 43. Na5 Nd4 44. Kd3 f5 45. c5 Kd5 46.
b4 f4 47. Nc4 Nf3 48. Kc3 Ne1 49. Nd2 f3 50. Nf1 Ng2 51. Kb3 Nf4 52. Kc3 f2 53.
Kd2 a5 54. a3 axb4 55. axb4 Ne6 56. Ne3+ Kc6 1/2-1/2

[Event "27th Summer Universiade 2013 Kazan,Russ"]
[Site "Kazan,Russia"]
[Date "2013.07.12"]
[Round "6.18"]
[White "Sgircea, Silvia-Raluca"]
[Black "Garcia Morales, Ivette Ale"]
[Result "1/2-1/2"]
[WhiteElo "2261"]
[BlackElo "2072"]
[PlyCount "40"]
[EventDate "2013.07.09"]

1. Nf3 Nf6 2. c4 e6 3. g3 d5 4. Bg2 dxc4 5. Qa4+ c6 6. Qxc4 b5 7. Qc2 Bb7 8.
O-O Nbd7 9. a4 a6 10. d4 c5 11. axb5 axb5 12. Rxa8 Qxa8 13. dxc5 Be4 14. Qb3
Bxb1 15. Nd2 Qa2 16. Qxb5 Bxc5 17. Bc6 Ke7 18. Nxb1 Rb8 19. Qd3 Ne5 20. Qc2 Qc4
1/2-1/2

[Event "27th Summer Universiade 2013 Kazan,Russ"]
[Site "Kazan,Russia"]
[Date "2013.07.12"]
[Round "6.19"]
[White "Siradze, Salome"]
[Black "Velieva, Hurma"]
[Result "1-0"]
[WhiteElo "2069"]
[BlackElo "1988"]
[PlyCount "91"]
[EventDate "2013.07.09"]

1. d4 Nf6 2. Nf3 g6 3. c4 Bg7 4. Nc3 d6 5. e4 O-O 6. h3 Nbd7 7. Bg5 c5 8. d5 a6
9. a4 Qc7 10. Be2 e6 11. O-O exd5 12. exd5 Re8 13. Bd3 Nf8 14. Nd2 Bd7 15. Nde4
Nxe4 16. Nxe4 Rec8 17. Bf4 Be5 18. Bxe5 dxe5 19. Nf6+ Kg7 20. Qf3 Qb6 21. Ng4
Qd6 22. Rfe1 Re8 23. Qg3 Bxg4 24. hxg4 f6 25. Re3 a5 26. Rae1 Nd7 27. Qh4 Re7
28. Rh3 Nf8 29. g5 fxg5 30. Qh6+ Kg8 31. Qxg5 Rae8 32. Rhe3 Kf7 33. Qh6 Kg8 34.
Qh4 Kf7 35. b3 b6 36. Bc2 Kg7 37. f4 Nd7 38. f5 Qf6 39. Qg4 g5 40. d6 Rf7 41.
Be4 h6 42. Rd1 Nb8 43. Bd5 Qxf5 44. Qh5 Rff8 45. Rf3 Qd7 46. Rdf1 1-0

[Event "27th Summer Universiade 2013 Kazan,Russ"]
[Site "Kazan,Russia"]
[Date "2013.07.12"]
[Round "6.20"]
[White "Rothebarth, Ana Vitoria De Pau"]
[Black "Soloviova, Lisa"]
[Result "0-1"]
[WhiteElo "2034"]
[BlackElo "2296"]
[PlyCount "64"]
[EventDate "2013.07.09"]

1. e4 d6 2. d4 Nf6 3. Nc3 c6 4. Bd3 e5 5. Nf3 Nbd7 6. dxe5 dxe5 7. O-O Be7 8.
Ne2 Qc7 9. Ng3 Nc5 10. Qe2 O-O 11. a4 Nxd3 12. Qxd3 a5 13. b3 Rd8 14. Qe2 Be6
15. Ba3 Bxa3 16. Rxa3 Bg4 17. Raa1 Bxf3 18. Qxf3 Rd2 19. Rac1 Rad8 20. Nf5 g6
21. Ne3 Kg7 22. Rfd1 Rxd1+ 23. Rxd1 Rxd1+ 24. Nxd1 Qd6 25. Ne3 Qb4 26. h3 Nxe4
27. Ng4 f5 28. Nxe5 Qe1+ 29. Kh2 Nxf2 30. Nd3 Qh1+ 31. Kg3 Ne4+ 32. Kh4 Qa1 0-1

[Event "27th Summer Universiade 2013 Kazan,Russ"]
[Site "Kazan,Russia"]
[Date "2013.07.12"]
[Round "6.21"]
[White "Motycakova, Monika"]
[Black "Nakhbayeva, Guliskhan"]
[Result "0-1"]
[WhiteElo "2135"]
[BlackElo "2354"]
[PlyCount "100"]
[EventDate "2013.07.09"]

1. e4 e6 2. d4 d5 3. Nd2 Nf6 4. e5 Nfd7 5. f4 c5 6. c3 Nc6 7. Ndf3 Be7 8. Kf2
Qb6 9. g3 O-O 10. Kg2 Qc7 11. Bd3 f5 12. Ne2 cxd4 13. cxd4 Nb6 14. a3 Bd7 15.
h3 Rac8 16. g4 Na5 17. b3 Nc6 18. Qe1 a5 19. Bd2 a4 20. b4 Qd8 21. Qg3 Na7 22.
Nc3 Nc4 23. Qf2 Nb2 24. Be2 Nc4 25. Bd3 Bc6 26. Bc1 Qd7 27. Ra2 Bb5 28. Nxb5
Nxb5 29. Nd2 Bd8 30. Nf3 Bb6 31. Re1 Nc3 32. Rc2 Ne4 33. Qe2 Qc6 34. Bb2 Ba7
35. g5 b5 36. h4 Qe8 37. Kh3 Qh5 38. Rg1 Nxb2 39. Rxb2 Rc3 40. Rc2 Rfc8 41. Rg2
Rxc2 42. Bxc2 Rxc2 43. Qxc2 Qxf3+ 44. Kh2 Qxf4+ 45. Kh3 Qe3+ 46. Kh2 Nc3 47.
Rg3 Qe2+ 48. Qxe2 Nxe2 49. Re3 Nf4 50. Rf3 Bxd4 0-1

[Event "27th Summer Universiade 2013 Kazan,Russ"]
[Site "Kazan,Russia"]
[Date "2013.07.12"]
[Round "6.22"]
[White "Senanayake, P R."]
[Black "Andrenko, Irina"]
[Result "1/2-1/2"]
[WhiteElo "1775"]
[BlackElo "2253"]
[PlyCount "75"]
[EventDate "2013.07.09"]

1. d4 g6 2. Nf3 Bg7 3. c4 d6 4. Bf4 c5 5. e3 Nc6 6. Nc3 Qa5 7. Qd2 Nf6 8. h3
O-O 9. d5 Nd8 10. Be2 Nh5 11. Bh2 f5 12. O-O Nf7 13. Rad1 Bd7 14. Rfe1 a6 15.
Bd3 b5 16. Ra1 bxc4 17. Bxc4 Rfb8 18. Rac1 Bb5 19. Bf1 Bxf1 20. Kxf1 Rb4 21. b3
Rab8 22. Bf4 Nxf4 23. exf4 Bf6 24. h4 Nh6 25. g3 Qb6 26. Qe2 Qb7 27. Qe6+ Kg7
28. Kg2 Qc8 29. Qe2 a5 30. Nd2 Nf7 31. Rh1 h5 32. Rhe1 Qb7 33. Qf3 Qa6 34. Nc4
R4b7 35. Nd2 Rb4 36. Nc4 R4b7 37. Nd2 Rb4 38. Nc4 1/2-1/2

[Event "27th Summer Universiade 2013 Kazan,Russ"]
[Site "Kazan,Russia"]
[Date "2013.07.12"]
[Round "6.23"]
[White "Anusca, Madalina-Maria"]
[Black "Shyngys Kyzy, Aijarkyn"]
[Result "1/2-1/2"]
[WhiteElo "2042"]
[BlackElo "1784"]
[PlyCount "56"]
[EventDate "2013.07.09"]

1. c4 c6 2. d4 d5 3. e3 Nf6 4. Nc3 e6 5. Nf3 Nbd7 6. Bd3 dxc4 7. Bxc4 b5 8. Bd3
a6 9. a3 c5 10. O-O Bb7 11. Re1 Be7 12. e4 O-O 13. e5 Ng4 14. d5 exd5 15. Bf5
Ngxe5 16. Nxe5 Nxe5 17. Rxe5 Bd6 18. Re1 Qf6 19. Qg4 h5 20. Qg5 Rfe8 21. Bd2
Be5 22. Qxf6 Bxf6 23. Rad1 Rad8 24. Bd3 Rxe1+ 25. Rxe1 g6 26. Bf4 c4 27. Bc2 d4
28. Nd1 Rd7 1/2-1/2

[Event "27th Summer Universiade 2013 Kazan,Russ"]
[Site "Kazan,Russia"]
[Date "2013.07.12"]
[Round "6.26"]
[White "Vivian, Heinrichs"]
[Black "Vasile, Teodora"]
[Result "0-1"]
[WhiteElo "1953"]
[BlackElo "1938"]
[PlyCount "106"]
[EventDate "2013.07.09"]

1. d4 d6 2. e4 Nf6 3. Nc3 Nbd7 4. Nf3 e5 5. Bc4 Be7 6. O-O O-O 7. h3 c6 8. Re1
Qc7 9. Bb3 a5 10. a4 b6 11. d5 c5 12. Nb5 Qd8 13. Bc4 Ne8 14. Qe2 Nc7 15. Nd2
g6 16. Nf1 f5 17. exf5 gxf5 18. Bh6 Rf7 19. Rad1 Nxb5 20. Bxb5 Bg5 21. Bxg5
Qxg5 22. Rd3 Rg7 23. Rg3 Qh6 24. Rxg7+ Qxg7 25. Ne3 Nf6 26. Qf3 f4 27. Nc4 Qc7
28. Bc6 Rb8 29. Na3 Ba6 30. Kh2 Kh8 31. Bb5 Bb7 32. Bc4 Rf8 33. Nb5 Qd8 34. Nc3
Bc8 35. Bd3 Bd7 36. Bb5 Bf5 37. Bd3 Bc8 38. Be4 Rg8 39. g3 fxg3+ 40. fxg3 Nxe4
41. Nxe4 Rf8 42. Qg2 Bf5 43. Nc3 Bg6 44. Nb5 Qf6 45. Nc7 Qf5 46. Nb5 Rf6 47.
Na3 e4 48. c4 Qe5 49. Nb5 e3 50. Rf1 e2 51. Re1 Bd3 52. Nc3 Qe3 53. Ne4 Rf1 0-1